00759nam a2200193 a 450000500170000000800410001702000180005805000230007610000490009924501230014826000390027130000230031052000820033365000410041565000490045665000180050565000230052365000190054620140412111334.0031018s19uu xx 00 eng d a0-590-49173-3 aTR(PS EbWe37 1991 aCheltenham, Elementary School Kindergartners aWe are all alike... we ar all different /cwritten and illustrated by the Cheltenham Elementary School Kindergartners. aNew York :bScholastic Inc,c1991. a1 v. (unp.) ; ill. aKindergarten children describe the likeness and differences among themselves. aSchool children--Juvenile literature aIntercultural education--Juvenile Literature aIndividuality aChidren's writings aChildren's art